<?xml version="1.0" encoding="UTF-8"?>
<record
    xmlns:xsi="http://www.w3.org/2001/XMLSchema-instance"
    xsi:schemaLocation="http://www.loc.gov/MARC21/slim http://www.loc.gov/standards/marcxml/schema/MARC21slim.xsd"
    xmlns="http://www.loc.gov/MARC21/slim">

  <leader>01335nam a2200325Ia 4500</leader>
  <controlfield tag="005">20170706103134.0</controlfield>
  <datafield tag="010" ind1=" " ind2=" ">
    <subfield code="a">BAC-EN21          ENG-111798</subfield>
  </datafield>
  <datafield tag="020" ind1=" " ind2=" ">
    <subfield code="a">9789332516854</subfield>
    <subfield code="c">175.00</subfield>
  </datafield>
  <datafield tag="035" ind1=" " ind2=" ">
    <subfield code="a">EN-95330</subfield>
  </datafield>
  <datafield tag="035" ind1=" " ind2=" ">
    <subfield code="a">B-589782-809</subfield>
  </datafield>
  <datafield tag="035" ind1=" " ind2=" ">
    <subfield code="a">B-668096</subfield>
  </datafield>
  <datafield tag="037" ind1=" " ind2=" ">
    <subfield code="b">Techniz/Ven</subfield>
    <subfield code="a">dpl</subfield>
  </datafield>
  <datafield tag="037" ind1=" " ind2=" ">
    <subfield code="b">DBAD/PUB</subfield>
  </datafield>
  <datafield tag="082" ind1=" " ind2=" ">
    <subfield code="a">808.042</subfield>
  </datafield>
  <datafield tag="100" ind1=" " ind2=" ">
    <subfield code="a">Bonnett, Alastair</subfield>
  </datafield>
  <datafield tag="245" ind1=" " ind2=" ">
    <subfield code="a">How to argue /</subfield>
    <subfield code="c">by Alastair Bonnett</subfield>
  </datafield>
  <datafield tag="250" ind1=" " ind2=" ">
    <subfield code="a">3rd ed</subfield>
  </datafield>
  <datafield tag="260" ind1=" " ind2=" ">
    <subfield code="c">2014</subfield>
    <subfield code="a">New Delhi</subfield>
    <subfield code="b">Pearson India</subfield>
  </datafield>
  <datafield tag="270" ind1=" " ind2=" ">
    <subfield code="a">11 Community Centre,Panchsheel Park</subfield>
    <subfield code="b">New Delhi</subfield>
    <subfield code="e">110017</subfield>
  </datafield>
  <datafield tag="300" ind1=" " ind2=" ">
    <subfield code="c">22cm(pbk)</subfield>
    <subfield code="a">xv,125p. </subfield>
  </datafield>
  <datafield tag="490" ind1=" " ind2=" ">
    <subfield code="a"> Smarter study skills</subfield>
  </datafield>
  <datafield tag="500" ind1=" " ind2=" ">
    <subfield code="a">Includes bibliographical references (p. 114-115).</subfield>
  </datafield>
  <datafield tag="520" ind1=" " ind2=" ">
    <subfield code="a">One of the most difficult things students within higher education have to learn is how to argue. Packed with exercises, examples and case studies, this book aims to address this problem.</subfield>
  </datafield>
  <datafield tag="650" ind1=" " ind2=" ">
    <subfield code="a">English language</subfield>
    <subfield code="x">Rhetoric.</subfield>
  </datafield>
  <datafield tag="650" ind1=" " ind2=" ">
    <subfield code="a">Social sciences</subfield>
    <subfield code="x"> Authorship.</subfield>
  </datafield>
  <datafield tag="650" ind1=" " ind2=" ">
    <subfield code="a">Persuasion (Rhetoric)</subfield>
  </datafield>
  <datafield tag="942" ind1=" " ind2=" ">
    <subfield code="c">EN</subfield>
    <subfield code="2">ddc</subfield>
    <subfield code="m">BON</subfield>
    <subfield code="h">808.042</subfield>
  </datafield>
  <datafield tag="999" ind1=" " ind2=" ">
    <subfield code="c">88167</subfield>
    <subfield code="d">88167</subfield>
  </datafield>
  <datafield tag="952" ind1=" " ind2=" ">
    <subfield code="0">0</subfield>
    <subfield code="1">0</subfield>
    <subfield code="4">0</subfield>
    <subfield code="7">1</subfield>
    <subfield code="8">NFIC</subfield>
    <subfield code="a">DBAD</subfield>
    <subfield code="b">DBAD</subfield>
    <subfield code="d">2015-01-22</subfield>
    <subfield code="e">DBAD/PUB</subfield>
    <subfield code="g">175.00</subfield>
    <subfield code="l">0</subfield>
    <subfield code="o">808.042 BON</subfield>
    <subfield code="p">EN-95330</subfield>
    <subfield code="r">2015-01-22 00:00:00</subfield>
    <subfield code="t">1</subfield>
    <subfield code="v">175.00</subfield>
    <subfield code="y">EN</subfield>
  </datafield>
  <datafield tag="952" ind1=" " ind2=" ">
    <subfield code="0">0</subfield>
    <subfield code="1">0</subfield>
    <subfield code="4">0</subfield>
    <subfield code="7">0</subfield>
    <subfield code="8">NFIC</subfield>
    <subfield code="a">L</subfield>
    <subfield code="b">L</subfield>
    <subfield code="d">2015-03-19</subfield>
    <subfield code="e">Techniz Books/TZ-14201/24.12.2014/189/08.12.2014/15.01.2015</subfield>
    <subfield code="g">175.00</subfield>
    <subfield code="l">5</subfield>
    <subfield code="m">2</subfield>
    <subfield code="o">808.042 BON</subfield>
    <subfield code="p">B-589782</subfield>
    <subfield code="r">2022-01-17 00:00:00</subfield>
    <subfield code="s">2021-12-06</subfield>
    <subfield code="t">1</subfield>
    <subfield code="v">175.00</subfield>
    <subfield code="y">EN</subfield>
  </datafield>
  <datafield tag="952" ind1=" " ind2=" ">
    <subfield code="0">0</subfield>
    <subfield code="1">0</subfield>
    <subfield code="4">0</subfield>
    <subfield code="7">1</subfield>
    <subfield code="8">REF</subfield>
    <subfield code="a">L</subfield>
    <subfield code="b">L</subfield>
    <subfield code="d">2015-03-19</subfield>
    <subfield code="e">Techniz Books/TZ-14201/24.12.2014/189/08.12.2014/15.01.2015</subfield>
    <subfield code="g">175.00</subfield>
    <subfield code="l">0</subfield>
    <subfield code="o">808.042 BON</subfield>
    <subfield code="p">B-589783</subfield>
    <subfield code="r">2015-03-19 00:00:00</subfield>
    <subfield code="t">1</subfield>
    <subfield code="v">175.00</subfield>
    <subfield code="y">EN</subfield>
  </datafield>
  <datafield tag="952" ind1=" " ind2=" ">
    <subfield code="0">0</subfield>
    <subfield code="1">0</subfield>
    <subfield code="4">0</subfield>
    <subfield code="7">0</subfield>
    <subfield code="8">NFIC</subfield>
    <subfield code="a">NPL</subfield>
    <subfield code="b">NPL</subfield>
    <subfield code="d">2015-03-19</subfield>
    <subfield code="e">Techniz Books/TZ-14201/24.12.2014/189/08.12.2014/15.01.2015</subfield>
    <subfield code="g">175.00</subfield>
    <subfield code="l">0</subfield>
    <subfield code="o">808.042 BON</subfield>
    <subfield code="p">B-589784</subfield>
    <subfield code="r">2015-03-19 00:00:00</subfield>
    <subfield code="t">1</subfield>
    <subfield code="v">175.00</subfield>
    <subfield code="y">EN</subfield>
  </datafield>
  <datafield tag="952" ind1=" " ind2=" ">
    <subfield code="0">0</subfield>
    <subfield code="1">0</subfield>
    <subfield code="4">0</subfield>
    <subfield code="7">0</subfield>
    <subfield code="8">NFIC</subfield>
    <subfield code="a">BL1</subfield>
    <subfield code="b">BL1</subfield>
    <subfield code="d">2015-03-19</subfield>
    <subfield code="e">Techniz Books/TZ-14201/24.12.2014/189/08.12.2014/15.01.2015</subfield>
    <subfield code="g">175.00</subfield>
    <subfield code="l">2</subfield>
    <subfield code="o">808.042 BON</subfield>
    <subfield code="p">B-589785</subfield>
    <subfield code="r">2025-03-17 00:00:00</subfield>
    <subfield code="s">2025-03-05</subfield>
    <subfield code="t">1</subfield>
    <subfield code="v">175.00</subfield>
    <subfield code="y">EN</subfield>
  </datafield>
  <datafield tag="952" ind1=" " ind2=" ">
    <subfield code="0">0</subfield>
    <subfield code="1">0</subfield>
    <subfield code="4">0</subfield>
    <subfield code="7">0</subfield>
    <subfield code="8">NFIC</subfield>
    <subfield code="a">KGM</subfield>
    <subfield code="b">KGM</subfield>
    <subfield code="d">2015-03-19</subfield>
    <subfield code="e">Techniz Books/TZ-14201/24.12.2014/189/08.12.2014/15.01.2015</subfield>
    <subfield code="g">175.00</subfield>
    <subfield code="l">1</subfield>
    <subfield code="o">808.042 BON</subfield>
    <subfield code="p">B-589786</subfield>
    <subfield code="r">2024-10-17 00:00:00</subfield>
    <subfield code="s">2024-10-16</subfield>
    <subfield code="t">1</subfield>
    <subfield code="v">175.00</subfield>
    <subfield code="y">EN</subfield>
  </datafield>
  <datafield tag="952" ind1=" " ind2=" ">
    <subfield code="0">0</subfield>
    <subfield code="1">0</subfield>
    <subfield code="4">0</subfield>
    <subfield code="7">0</subfield>
    <subfield code="8">NFIC</subfield>
    <subfield code="a">PR</subfield>
    <subfield code="b">PR</subfield>
    <subfield code="d">2015-03-19</subfield>
    <subfield code="e">Techniz Books/TZ-14201/24.12.2014/189/08.12.2014/15.01.2015</subfield>
    <subfield code="g">175.00</subfield>
    <subfield code="l">0</subfield>
    <subfield code="o">808.042 BON</subfield>
    <subfield code="p">B-589787</subfield>
    <subfield code="r">2015-03-19 00:00:00</subfield>
    <subfield code="t">1</subfield>
    <subfield code="v">175.00</subfield>
    <subfield code="y">EN</subfield>
  </datafield>
  <datafield tag="952" ind1=" " ind2=" ">
    <subfield code="0">0</subfield>
    <subfield code="1">0</subfield>
    <subfield code="4">0</subfield>
    <subfield code="7">0</subfield>
    <subfield code="8">NFIC</subfield>
    <subfield code="a">TN</subfield>
    <subfield code="b">TN</subfield>
    <subfield code="d">2015-03-19</subfield>
    <subfield code="e">Techniz Books/TZ-14201/24.12.2014/189/08.12.2014/15.01.2015</subfield>
    <subfield code="g">175.00</subfield>
    <subfield code="l">3</subfield>
    <subfield code="m">1</subfield>
    <subfield code="o">808.042 BON</subfield>
    <subfield code="p">B-589788</subfield>
    <subfield code="r">2021-02-01 00:00:00</subfield>
    <subfield code="s">2021-01-08</subfield>
    <subfield code="t">1</subfield>
    <subfield code="v">175.00</subfield>
    <subfield code="y">EN</subfield>
  </datafield>
  <datafield tag="952" ind1=" " ind2=" ">
    <subfield code="0">0</subfield>
    <subfield code="1">0</subfield>
    <subfield code="4">0</subfield>
    <subfield code="7">0</subfield>
    <subfield code="8">NFIC</subfield>
    <subfield code="a">CJ</subfield>
    <subfield code="b">CJ</subfield>
    <subfield code="d">2015-03-19</subfield>
    <subfield code="e">Techniz Books/TZ-14201/24.12.2014/189/08.12.2014/15.01.2015</subfield>
    <subfield code="g">175.00</subfield>
    <subfield code="l">0</subfield>
    <subfield code="o">808.042 BON</subfield>
    <subfield code="p">B-589789</subfield>
    <subfield code="r">2015-03-19 00:00:00</subfield>
    <subfield code="t">1</subfield>
    <subfield code="v">175.00</subfield>
    <subfield code="y">EN</subfield>
  </datafield>
  <datafield tag="952" ind1=" " ind2=" ">
    <subfield code="0">0</subfield>
    <subfield code="1">0</subfield>
    <subfield code="4">0</subfield>
    <subfield code="7">0</subfield>
    <subfield code="8">NFIC</subfield>
    <subfield code="a">JP</subfield>
    <subfield code="b">JP</subfield>
    <subfield code="d">2015-03-19</subfield>
    <subfield code="e">Techniz Books/TZ-14201/24.12.2014/189/08.12.2014/15.01.2015</subfield>
    <subfield code="g">175.00</subfield>
    <subfield code="l">3</subfield>
    <subfield code="m">1</subfield>
    <subfield code="o">808.042 BON</subfield>
    <subfield code="p">B-589790</subfield>
    <subfield code="r">2019-11-02 00:00:00</subfield>
    <subfield code="s">2019-10-05</subfield>
    <subfield code="t">1</subfield>
    <subfield code="v">175.00</subfield>
    <subfield code="y">EN</subfield>
  </datafield>
  <datafield tag="952" ind1=" " ind2=" ">
    <subfield code="0">0</subfield>
    <subfield code="1">0</subfield>
    <subfield code="4">0</subfield>
    <subfield code="7">0</subfield>
    <subfield code="8">NFIC</subfield>
    <subfield code="a">ZLS</subfield>
    <subfield code="b">ZLS</subfield>
    <subfield code="d">2015-03-19</subfield>
    <subfield code="e">Techniz Books/TZ-14201/24.12.2014/189/08.12.2014/15.01.2015</subfield>
    <subfield code="g">175.00</subfield>
    <subfield code="l">1</subfield>
    <subfield code="o">808.042 BON</subfield>
    <subfield code="p">B-589791</subfield>
    <subfield code="r">2022-08-26 00:00:00</subfield>
    <subfield code="s">2022-08-13</subfield>
    <subfield code="t">1</subfield>
    <subfield code="v">175.00</subfield>
    <subfield code="y">EN</subfield>
  </datafield>
  <datafield tag="952" ind1=" " ind2=" ">
    <subfield code="0">0</subfield>
    <subfield code="1">0</subfield>
    <subfield code="4">0</subfield>
    <subfield code="7">0</subfield>
    <subfield code="8">NFIC</subfield>
    <subfield code="a">RKP</subfield>
    <subfield code="b">RKP</subfield>
    <subfield code="d">2015-03-19</subfield>
    <subfield code="e">Techniz Books/TZ-14201/24.12.2014/189/08.12.2014/15.01.2015</subfield>
    <subfield code="g">175.00</subfield>
    <subfield code="l">0</subfield>
    <subfield code="o">808.042 BON</subfield>
    <subfield code="p">B-589792</subfield>
    <subfield code="r">2015-03-19 00:00:00</subfield>
    <subfield code="t">1</subfield>
    <subfield code="v">175.00</subfield>
    <subfield code="y">EN</subfield>
  </datafield>
  <datafield tag="952" ind1=" " ind2=" ">
    <subfield code="0">0</subfield>
    <subfield code="1">0</subfield>
    <subfield code="4">0</subfield>
    <subfield code="7">0</subfield>
    <subfield code="8">NFIC</subfield>
    <subfield code="a">AG</subfield>
    <subfield code="b">AG</subfield>
    <subfield code="d">2015-03-19</subfield>
    <subfield code="e">Techniz Books/TZ-14201/24.12.2014/189/08.12.2014/15.01.2015</subfield>
    <subfield code="g">175.00</subfield>
    <subfield code="l">0</subfield>
    <subfield code="o">808.042 BON</subfield>
    <subfield code="p">B-589793</subfield>
    <subfield code="r">2015-03-19 00:00:00</subfield>
    <subfield code="t">1</subfield>
    <subfield code="v">175.00</subfield>
    <subfield code="y">EN</subfield>
  </datafield>
  <datafield tag="952" ind1=" " ind2=" ">
    <subfield code="0">0</subfield>
    <subfield code="1">0</subfield>
    <subfield code="4">0</subfield>
    <subfield code="7">0</subfield>
    <subfield code="8">NFIC</subfield>
    <subfield code="a">ZLS</subfield>
    <subfield code="b">ZLS</subfield>
    <subfield code="d">2015-03-19</subfield>
    <subfield code="e">Techniz Books/TZ-14201/24.12.2014/189/08.12.2014/15.01.2015</subfield>
    <subfield code="g">175.00</subfield>
    <subfield code="l">2</subfield>
    <subfield code="o">808.042 BON</subfield>
    <subfield code="p">B-589794</subfield>
    <subfield code="r">2019-08-28 00:00:00</subfield>
    <subfield code="s">2019-08-12</subfield>
    <subfield code="t">1</subfield>
    <subfield code="v">175.00</subfield>
    <subfield code="y">EN</subfield>
  </datafield>
  <datafield tag="952" ind1=" " ind2=" ">
    <subfield code="0">0</subfield>
    <subfield code="1">0</subfield>
    <subfield code="4">0</subfield>
    <subfield code="7">0</subfield>
    <subfield code="8">NFIC</subfield>
    <subfield code="a">QRP</subfield>
    <subfield code="b">QRP</subfield>
    <subfield code="d">2015-03-19</subfield>
    <subfield code="e">Techniz Books/TZ-14201/24.12.2014/189/08.12.2014/15.01.2015</subfield>
    <subfield code="g">175.00</subfield>
    <subfield code="l">0</subfield>
    <subfield code="o">808.042 BON</subfield>
    <subfield code="p">B-589795</subfield>
    <subfield code="r">2015-03-19 00:00:00</subfield>
    <subfield code="t">1</subfield>
    <subfield code="v">175.00</subfield>
    <subfield code="y">EN</subfield>
  </datafield>
  <datafield tag="952" ind1=" " ind2=" ">
    <subfield code="0">0</subfield>
    <subfield code="1">0</subfield>
    <subfield code="4">0</subfield>
    <subfield code="7">0</subfield>
    <subfield code="8">NFIC</subfield>
    <subfield code="a">VP</subfield>
    <subfield code="b">VP</subfield>
    <subfield code="d">2015-03-19</subfield>
    <subfield code="e">Techniz Books/TZ-14201/24.12.2014/189/08.12.2014/15.01.2015</subfield>
    <subfield code="g">175.00</subfield>
    <subfield code="l">1</subfield>
    <subfield code="o">808.042 BON</subfield>
    <subfield code="p">B-589796</subfield>
    <subfield code="r">2019-12-27 00:00:00</subfield>
    <subfield code="s">2019-12-14</subfield>
    <subfield code="t">1</subfield>
    <subfield code="v">175.00</subfield>
    <subfield code="y">EN</subfield>
  </datafield>
  <datafield tag="952" ind1=" " ind2=" ">
    <subfield code="0">0</subfield>
    <subfield code="1">0</subfield>
    <subfield code="4">0</subfield>
    <subfield code="7">0</subfield>
    <subfield code="8">NFIC</subfield>
    <subfield code="a">BN</subfield>
    <subfield code="b">BN</subfield>
    <subfield code="d">2015-03-19</subfield>
    <subfield code="e">Techniz Books/TZ-14201/24.12.2014/189/08.12.2014/15.01.2015</subfield>
    <subfield code="g">175.00</subfield>
    <subfield code="l">1</subfield>
    <subfield code="o">808.042 BON</subfield>
    <subfield code="p">B-589797</subfield>
    <subfield code="r">2019-08-01 00:00:00</subfield>
    <subfield code="s">2019-07-18</subfield>
    <subfield code="t">1</subfield>
    <subfield code="v">175.00</subfield>
    <subfield code="y">EN</subfield>
  </datafield>
  <datafield tag="952" ind1=" " ind2=" ">
    <subfield code="0">0</subfield>
    <subfield code="1">5</subfield>
    <subfield code="4">0</subfield>
    <subfield code="7">0</subfield>
    <subfield code="8">NFIC</subfield>
    <subfield code="a">NRR</subfield>
    <subfield code="b">NRR</subfield>
    <subfield code="d">2015-03-19</subfield>
    <subfield code="e">Techniz Books/TZ-14201/24.12.2014/189/08.12.2014/15.01.2015</subfield>
    <subfield code="g">175.00</subfield>
    <subfield code="l">0</subfield>
    <subfield code="o">808.042 BON</subfield>
    <subfield code="p">B-589798</subfield>
    <subfield code="r">2015-03-19 00:00:00</subfield>
    <subfield code="t">1</subfield>
    <subfield code="v">175.00</subfield>
    <subfield code="y">EN</subfield>
  </datafield>
  <datafield tag="952" ind1=" " ind2=" ">
    <subfield code="0">0</subfield>
    <subfield code="1">0</subfield>
    <subfield code="4">0</subfield>
    <subfield code="7">0</subfield>
    <subfield code="8">NFIC</subfield>
    <subfield code="a">BKK</subfield>
    <subfield code="b">BKK</subfield>
    <subfield code="d">2015-03-19</subfield>
    <subfield code="e">Techniz Books/TZ-14201/24.12.2014/189/08.12.2014/15.01.2015</subfield>
    <subfield code="g">175.00</subfield>
    <subfield code="l">0</subfield>
    <subfield code="o">808.042 BON</subfield>
    <subfield code="p">B-589799</subfield>
    <subfield code="r">2015-03-19 00:00:00</subfield>
    <subfield code="t">1</subfield>
    <subfield code="v">175.00</subfield>
    <subfield code="y">EN</subfield>
  </datafield>
  <datafield tag="952" ind1=" " ind2=" ">
    <subfield code="0">0</subfield>
    <subfield code="1">0</subfield>
    <subfield code="4">0</subfield>
    <subfield code="7">0</subfield>
    <subfield code="8">NFIC</subfield>
    <subfield code="a">NR</subfield>
    <subfield code="b">NR</subfield>
    <subfield code="d">2015-03-19</subfield>
    <subfield code="e">Techniz Books/TZ-14201/24.12.2014/189/08.12.2014/15.01.2015</subfield>
    <subfield code="g">175.00</subfield>
    <subfield code="l">0</subfield>
    <subfield code="o">808.042 BON</subfield>
    <subfield code="p">B-589800</subfield>
    <subfield code="r">2015-03-19 00:00:00</subfield>
    <subfield code="t">1</subfield>
    <subfield code="v">175.00</subfield>
    <subfield code="y">EN</subfield>
  </datafield>
  <datafield tag="952" ind1=" " ind2=" ">
    <subfield code="0">0</subfield>
    <subfield code="1">0</subfield>
    <subfield code="4">0</subfield>
    <subfield code="7">0</subfield>
    <subfield code="8">NFIC</subfield>
    <subfield code="a">BN</subfield>
    <subfield code="b">BN</subfield>
    <subfield code="d">2015-03-19</subfield>
    <subfield code="e">Techniz Books/TZ-14201/24.12.2014/189/08.12.2014/15.01.2015</subfield>
    <subfield code="g">175.00</subfield>
    <subfield code="l">2</subfield>
    <subfield code="o">808.042 BON</subfield>
    <subfield code="p">B-589801</subfield>
    <subfield code="r">2025-04-25 00:00:00</subfield>
    <subfield code="s">2025-04-21</subfield>
    <subfield code="t">1</subfield>
    <subfield code="v">175.00</subfield>
    <subfield code="y">EN</subfield>
  </datafield>
  <datafield tag="952" ind1=" " ind2=" ">
    <subfield code="0">0</subfield>
    <subfield code="1">0</subfield>
    <subfield code="4">0</subfield>
    <subfield code="7">0</subfield>
    <subfield code="8">NFIC</subfield>
    <subfield code="a">KV</subfield>
    <subfield code="b">KV</subfield>
    <subfield code="d">2015-03-19</subfield>
    <subfield code="e">Techniz Books/TZ-14201/24.12.2014/189/08.12.2014/15.01.2015</subfield>
    <subfield code="g">175.00</subfield>
    <subfield code="l">0</subfield>
    <subfield code="o">808.042 BON</subfield>
    <subfield code="p">B-589802</subfield>
    <subfield code="r">2015-03-19 00:00:00</subfield>
    <subfield code="t">1</subfield>
    <subfield code="v">175.00</subfield>
    <subfield code="y">EN</subfield>
  </datafield>
  <datafield tag="952" ind1=" " ind2=" ">
    <subfield code="0">0</subfield>
    <subfield code="1">0</subfield>
    <subfield code="4">0</subfield>
    <subfield code="7">0</subfield>
    <subfield code="8">NFIC</subfield>
    <subfield code="a">MV</subfield>
    <subfield code="b">MV</subfield>
    <subfield code="d">2015-03-19</subfield>
    <subfield code="e">Techniz Books/TZ-14201/24.12.2014/189/08.12.2014/15.01.2015</subfield>
    <subfield code="g">175.00</subfield>
    <subfield code="l">0</subfield>
    <subfield code="o">808.042 BON</subfield>
    <subfield code="p">B-589803</subfield>
    <subfield code="r">2015-03-19 00:00:00</subfield>
    <subfield code="t">1</subfield>
    <subfield code="v">175.00</subfield>
    <subfield code="y">EN</subfield>
  </datafield>
  <datafield tag="952" ind1=" " ind2=" ">
    <subfield code="0">0</subfield>
    <subfield code="1">0</subfield>
    <subfield code="4">0</subfield>
    <subfield code="7">0</subfield>
    <subfield code="8">NFIC</subfield>
    <subfield code="a">MP</subfield>
    <subfield code="b">MP</subfield>
    <subfield code="d">2015-03-19</subfield>
    <subfield code="e">Techniz Books/TZ-14201/24.12.2014/189/08.12.2014/15.01.2015</subfield>
    <subfield code="g">175.00</subfield>
    <subfield code="l">0</subfield>
    <subfield code="o">808.042 BON</subfield>
    <subfield code="p">B-589804</subfield>
    <subfield code="r">2015-03-19 00:00:00</subfield>
    <subfield code="t">1</subfield>
    <subfield code="v">175.00</subfield>
    <subfield code="y">EN</subfield>
  </datafield>
  <datafield tag="952" ind1=" " ind2=" ">
    <subfield code="0">0</subfield>
    <subfield code="1">0</subfield>
    <subfield code="4">0</subfield>
    <subfield code="7">0</subfield>
    <subfield code="8">NFIC</subfield>
    <subfield code="a">BL4</subfield>
    <subfield code="b">BL4</subfield>
    <subfield code="d">2015-03-19</subfield>
    <subfield code="e">Techniz Books/TZ-14201/24.12.2014/189/08.12.2014/15.01.2015</subfield>
    <subfield code="g">175.00</subfield>
    <subfield code="l">0</subfield>
    <subfield code="o">808.042 BON</subfield>
    <subfield code="p">B-589805</subfield>
    <subfield code="r">2015-03-19 00:00:00</subfield>
    <subfield code="t">1</subfield>
    <subfield code="v">175.00</subfield>
    <subfield code="y">EN</subfield>
  </datafield>
  <datafield tag="952" ind1=" " ind2=" ">
    <subfield code="0">0</subfield>
    <subfield code="1">0</subfield>
    <subfield code="4">0</subfield>
    <subfield code="7">0</subfield>
    <subfield code="8">NFIC</subfield>
    <subfield code="a">RC3</subfield>
    <subfield code="b">RC3</subfield>
    <subfield code="d">2015-03-19</subfield>
    <subfield code="e">Techniz Books/TZ-14201/24.12.2014/189/08.12.2014/15.01.2015</subfield>
    <subfield code="g">175.00</subfield>
    <subfield code="l">0</subfield>
    <subfield code="o">808.042 BON</subfield>
    <subfield code="p">B-589806</subfield>
    <subfield code="r">2015-03-19 00:00:00</subfield>
    <subfield code="t">4</subfield>
    <subfield code="v">175.00</subfield>
    <subfield code="y">EN</subfield>
  </datafield>
  <datafield tag="952" ind1=" " ind2=" ">
    <subfield code="0">0</subfield>
    <subfield code="1">0</subfield>
    <subfield code="4">0</subfield>
    <subfield code="7">0</subfield>
    <subfield code="8">NFIC</subfield>
    <subfield code="a">RC3</subfield>
    <subfield code="b">RC3</subfield>
    <subfield code="d">2015-03-19</subfield>
    <subfield code="e">Techniz Books/TZ-14201/24.12.2014/189/08.12.2014/15.01.2015</subfield>
    <subfield code="g">175.00</subfield>
    <subfield code="l">4</subfield>
    <subfield code="o">808.042 BON</subfield>
    <subfield code="p">B-589807</subfield>
    <subfield code="r">2021-01-18 00:00:00</subfield>
    <subfield code="s">2021-01-12</subfield>
    <subfield code="t">4</subfield>
    <subfield code="v">175.00</subfield>
    <subfield code="y">EN</subfield>
  </datafield>
  <datafield tag="952" ind1=" " ind2=" ">
    <subfield code="0">0</subfield>
    <subfield code="1">0</subfield>
    <subfield code="4">0</subfield>
    <subfield code="7">0</subfield>
    <subfield code="8">NFIC</subfield>
    <subfield code="a">RC3</subfield>
    <subfield code="b">RC3</subfield>
    <subfield code="d">2015-03-19</subfield>
    <subfield code="e">Techniz Books/TZ-14201/24.12.2014/189/08.12.2014/15.01.2015</subfield>
    <subfield code="g">175.00</subfield>
    <subfield code="l">0</subfield>
    <subfield code="o">808.042 BON</subfield>
    <subfield code="p">B-589808</subfield>
    <subfield code="r">2015-03-19 00:00:00</subfield>
    <subfield code="t">4</subfield>
    <subfield code="v">175.00</subfield>
    <subfield code="y">EN</subfield>
  </datafield>
  <datafield tag="952" ind1=" " ind2=" ">
    <subfield code="0">0</subfield>
    <subfield code="1">0</subfield>
    <subfield code="4">0</subfield>
    <subfield code="7">0</subfield>
    <subfield code="8">NFIC</subfield>
    <subfield code="a">RC3</subfield>
    <subfield code="b">RC3</subfield>
    <subfield code="d">2015-03-19</subfield>
    <subfield code="e">Techniz Books/TZ-14201/24.12.2014/189/08.12.2014/15.01.2015</subfield>
    <subfield code="g">175.00</subfield>
    <subfield code="l">2</subfield>
    <subfield code="o">808.042 BON</subfield>
    <subfield code="p">B-589809</subfield>
    <subfield code="r">2024-08-27 00:00:00</subfield>
    <subfield code="s">2024-08-24</subfield>
    <subfield code="t">4</subfield>
    <subfield code="v">175.00</subfield>
    <subfield code="y">EN</subfield>
  </datafield>
  <datafield tag="952" ind1=" " ind2=" ">
    <subfield code="0">0</subfield>
    <subfield code="1">0</subfield>
    <subfield code="4">0</subfield>
    <subfield code="7">0</subfield>
    <subfield code="8">NFIC</subfield>
    <subfield code="a">AV</subfield>
    <subfield code="b">AV</subfield>
    <subfield code="d">2017-07-06</subfield>
    <subfield code="e">BPPD/EN/2014-15/AV/16-17/434/15.2.2017/17435/24.2.2017/ 18.3.2017</subfield>
    <subfield code="g">175.00</subfield>
    <subfield code="l">2</subfield>
    <subfield code="o">808.042 BON</subfield>
    <subfield code="p">B-668096</subfield>
    <subfield code="r">2024-09-06 00:00:00</subfield>
    <subfield code="s">2024-08-17</subfield>
    <subfield code="t">1</subfield>
    <subfield code="v">175.00</subfield>
    <subfield code="w">2017-07-06</subfield>
    <subfield code="y">EN</subfield>
  </datafield>
</record>
